| 000 | 00956 a2200205 4500 | ||
|---|---|---|---|
| 005 | 20080904101341.0 | ||
| 008 | 080904t xxu||||| |||| 00| 0 hin d | ||
| 010 | _aHIN-78949 | ||
| 020 |
_a8188570192 _c175.00 |
||
| 035 | _aHN-51296 | ||
| 037 | _bD.B.Act / pub | ||
| 082 | _a821.08 | ||
| 100 | _aमिश्रा, ऋचा | ||
| 245 |
_aसाकेत समीक्षा _cऋचा मिश्रा |
||
| 260 |
_aकानपुर _bविकास प्रकाशन _c2005 |
||
| 270 |
_a311 सी, विश्व बैंक बर्रा _bकानपुर |
||
| 300 |
_a120पृ. _c22 सेमी (सजिल्द) |
||
| 942 |
_adpl _cHN _k821.08 / मिश्राऋ _2ddc _h821.08 _m मिश्राऋ |
||
| 999 |
_c1058 _d1058 |
||